Normal view
MARC view
- Syed Kamran Nazim banuri
Entry Personal Name
001 - CONTROL NUMBER
- control field: 50876
003 - CONTROL NUMBER IDENTIFIER
- control field: NUST
005 - DATE AND TIME OF LATEST TRANSACTION
- control field: 20210314134825.0
008 - FIXED-LENGTH DATA ELEMENTS
- fixed length control field: 210314|| aca||aabn | a|a d
040 ## - CATALOGING SOURCE
- Original cataloging agency: NUST
- Transcribing agency: NUST
100 ## - HEADING--PERSONAL NAME
- Personal name: Syed Kamran Nazim banuri
670 ## - SOURCE DATA FOUND
- Source citation: Work cat.: (NUST): Syed Kamran Nazim banuri , Analysis of security check-post wall panels against blast loading , xxi,112p.
